<?xml version="1.0" encoding="UTF-8"?><?xml-stylesheet type="text/xsl" href="static/style.xsl"?><OAI-PMH xmlns="http://www.openarchives.org/OAI/2.0/" xmlns:xsi="http://www.w3.org/2001/XMLSchema-instance" xsi:schemaLocation="http://www.openarchives.org/OAI/2.0/ http://www.openarchives.org/OAI/2.0/OAI-PMH.xsd"><responseDate>2026-04-28T08:21:19Z</responseDate><request verb="GetRecord" identifier="oai:uvadoc.uva.es:10324/65609" metadataPrefix="marc">https://uvadoc.uva.es/oai/request</request><GetRecord><record><header><identifier>oai:uvadoc.uva.es:10324/65609</identifier><datestamp>2025-09-10T12:16:41Z</datestamp><setSpec>com_10324_1145</setSpec><setSpec>com_10324_931</setSpec><setSpec>com_10324_894</setSpec><setSpec>col_10324_1254</setSpec></header><metadata><record xmlns="http://www.loc.gov/MARC21/slim" xmlns:doc="http://www.lyncode.com/xoai" xmlns:xsi="http://www.w3.org/2001/XMLSchema-instance" xmlns:dcterms="http://purl.org/dc/terms/" xsi:schemaLocation="http://www.loc.gov/MARC21/slim http://www.loc.gov/standards/marcxml/schema/MARC21slim.xsd">
<leader>00925njm 22002777a 4500</leader>
<datafield tag="042" ind1=" " ind2=" ">
<subfield code="a">dc</subfield>
</datafield>
<datafield tag="720" ind1=" " ind2=" ">
<subfield code="a">Barceló, Antonia</subfield>
<subfield code="e">author</subfield>
</datafield>
<datafield tag="720" ind1=" " ind2=" ">
<subfield code="a">Peña, Mónica de la</subfield>
<subfield code="e">author</subfield>
</datafield>
<datafield tag="720" ind1=" " ind2=" ">
<subfield code="a">Ayllón, Olga</subfield>
<subfield code="e">author</subfield>
</datafield>
<datafield tag="720" ind1=" " ind2=" ">
<subfield code="a">Vega Agapito, María Victoria</subfield>
<subfield code="e">author</subfield>
</datafield>
<datafield tag="720" ind1=" " ind2=" ">
<subfield code="a">Piérola, Javier</subfield>
<subfield code="e">author</subfield>
</datafield>
<datafield tag="720" ind1=" " ind2=" ">
<subfield code="a">Pérez, Gerardo</subfield>
<subfield code="e">author</subfield>
</datafield>
<datafield tag="720" ind1=" " ind2=" ">
<subfield code="a">González Martínez, Constancio</subfield>
<subfield code="e">author</subfield>
</datafield>
<datafield tag="720" ind1=" " ind2=" ">
<subfield code="a">Alonso, Alberto</subfield>
<subfield code="e">author</subfield>
</datafield>
<datafield tag="720" ind1=" " ind2=" ">
<subfield code="a">Agustí, Alvar GN</subfield>
<subfield code="e">author</subfield>
</datafield>
<datafield tag="260" ind1=" " ind2=" ">
<subfield code="c">2009</subfield>
</datafield>
<datafield tag="520" ind1=" " ind2=" ">
<subfield code="a">Cardiovascular (CV) diseases are a leading&#xd;
cause of mortality and they are frequent in patients with the&#xd;
obstructive sleep apnea syndrome (OSAS). Objectives: In&#xd;
this study we investigated if OSAS influences CV function&#xd;
independently of other CV risk factors frequently present in&#xd;
these patients (e.g. obesity, high blood pressure). Methods:&#xd;
We compared plasma markers of endothelial dysfunction,&#xd;
asymmetric dimethylarginine (ADMA) and endothelin-1 (ET-&#xd;
1), and atherosclerosis progression (soluble fraction of the&#xd;
CD40 ligand, sCD40L) in OSAS patients with (n = 23) and&#xd;
without (n = 18) concurrent CV risk factors, as well as in&#xd;
healthy subjects (n = 23). Results: Plasma ADMA (p ! 0.01)&#xd;
and sCD40L (p ! 0.05) were abnormally increased in patients&#xd;
with OSAS versus healthy controls, but they were not influenced&#xd;
by the presence or absence of CV risk factors in OSAS.&#xd;
ET-1 levels were not different between the three groups of&#xd;
subjects studied. Conclusions: OSAS is associated with endothelial&#xd;
injury and atherosclerosis progression independently&#xd;
of other CV risk factors.</subfield>
</datafield>
<datafield tag="024" ind2=" " ind1="8">
<subfield code="a">Respiration, octubre 2009, vol. 77, p.85-90</subfield>
</datafield>
<datafield tag="024" ind2=" " ind1="8">
<subfield code="a">https://uvadoc.uva.es/handle/10324/65609</subfield>
</datafield>
<datafield tag="024" ind2=" " ind1="8">
<subfield code="a">10.1159/000165630</subfield>
</datafield>
<datafield tag="024" ind2=" " ind1="8">
<subfield code="a">85</subfield>
</datafield>
<datafield tag="024" ind2=" " ind1="8">
<subfield code="a">90</subfield>
</datafield>
<datafield tag="024" ind2=" " ind1="8">
<subfield code="a">77</subfield>
</datafield>
<datafield tag="245" ind1="0" ind2="0">
<subfield code="a">Increased Plasma Levels of Asymmetric Dimethylarginine and Soluble CD40 Ligand in Patients with Sleep Apnea</subfield>
</datafield>
</record></metadata></record></GetRecord></OAI-PMH>